[Event "Enschede op-A U18"]
[Site "Enschede"]
[Date "2009.08.07"]
[Round "8"]
[White "Van Opheusden, Bas"]
[Black "Ten Vergert, Paul"]
[Result "0-1"]
[WhiteElo "2115"]
[BlackElo "2279"]
[PlyCount "79"]
[EventDate "2009.08.03"]
[EventType "swiss"]
[EventRounds "9"]
[EventCountry "NED"]
[SourceTitle "CBM 132 Extra"]
[Source "ChessBase"]
[SourceDate "2009.11.03"]
[SourceVersion "1"]
[SourceVersionDate "2009.11.03"]
[SourceQuality "1"]

1. e4 d5 2. exd5 Qxd5 3. Nc3 Qd6 4. d4 Nf6 5. Nf3 Bg4 6. g3 Nc6 7. Bg2 0-0-0 8. Be3 Qb4 9. a3 Qxb2 10. Na4 Qb5 11. Nc5 e5 12. Rb1 Qa5+ 13. Bd2 Rxd4 14. Nxd4 Qxc5 15. Ne2 e4 16. Be3 Qh5 17. h3 Bf3 18. Bxf3 Qxf3 19. 0-0 Bd6 20. Rb3 Qf5 21. Nd4 Qxh3 22. Nxc6 Ng4 23. Nxa7+ Kb8 24. Rxb7+ Ka8 25. Qxg4 Qxg4 26. Rfb1 Bxg3 27. Nc6 Bxf2+ 28. Kf1 Qh3+ 29. Kxf2 Qf3+ 30. Ke1 Qxe3+ 31. Kd1 Qf3+ 32. Ke1 Qh1+ 33. Ke2 Qh2+ 34. Ke1 Qh4+ 35. Ke2 Qh5+ 36. Ke1 Qh1+ 37. Ke2 Qf3+ 38. Ke1 Qc3+ 39. Kf1 Qf3+ 40. Ke1 0-1

[Event "Enschede op-A U18"]
[Site "Enschede"]
[Date "2009.08.04"]
[Round "3"]
[White "Van Opheusden, Bas"]
[Black "Poelman, Geoffrey"]
[Result "1-0"]
[WhiteElo "2115"]
[BlackElo "1798"]
[PlyCount "60"]
[EventDate "2009.08.03"]
[EventType "swiss"]
[EventRounds "9"]
[EventCountry "NED"]
[SourceTitle "CBM 132 Extra"]
[Source "ChessBase"]
[SourceDate "2009.11.03"]
[SourceVersion "1"]
[SourceVersionDate "2009.11.03"]
[SourceQuality "1"]

1. e4 e5 2. Nf3 Nc6 3. Bb5 a6 4. Ba4 Nf6 5. 0-0 b5 6. Bb3 Be7 7. Re1 0-0 8. h3 d6 9. c3 Na5 10. Bc2 c5 11. d4 Qc7 12. Nbd2 Re8 13. Nf1 Bd7 14. Ne3 Rac8 15. dxe5 dxe5 16. Nd5 Nxd5 17. exd5 f6 18. a4 Nb7 19. h4 c4 20. h5 Bg4 21. h6 g6 22. axb5 axb5 23. Ra7 Bc5 24. d6 Qd7 25. Qd5+ Be6 26. Rxb7 Bxd5 27. Rxd7 Rcd8 28. Rg7+ Kh8 29. d7 Re7 30. Be3 Bd6 1-0

[Event "Enschede op"]
[Site "Enschede"]
[Date "2008.08.09"]
[Round "8"]
[White "Bogner, Sebastian"]
[Black "Van Opheusden, Bas"]
[Result "1-0"]
[WhiteElo "2467"]
[BlackElo "2172"]
[PlyCount "103"]
[EventDate "2008.08.01"]
[EventType "swiss"]
[EventRounds "9"]
[EventCountry "NED"]
[SourceTitle "CBM 126 Extra"]
[Source "ChessBase"]
[SourceDate "2008.11.05"]
[SourceVersion "1"]
[SourceVersionDate "2008.11.05"]
[SourceQuality "1"]

1. d4 d5 2. c4 Nc6 3. Nf3 Bg4 4. cxd5 Qxd5 5. e3 Bxf3 6. gxf3 e5 7. Nc3 Bb4 8. Bd2 Bxc3 9. bxc3 Qd6 10. Rb1 b6 11. f4 exf4 12. e4 Nge7 13. Qf3 0-0 14. Qxf4 Qa3 15. Rg1 Ng6 16. Qg3 Rae8 17. Bd3 Qxa2 18. Kd1 Rd8 19. Ke2 Qe6 20. Kf1 Qa2 21. Bc1 Qa5 22. Bb2 Qh5 23. Be2 Qh4 24. Qxh4 Nxh4 25. Ba3 Rfe8 26. Bb5 Nf3 27. Bxc6 Nd2+ 28. Kg2 Nxb1 29. Rxb1 Re6 30. Bd5 Rg6+ 31. Kf3 Rf6+ 32. Ke3 Rh6 33. Rh1 a5 34. h4 c6 35. Bb3 b5 36. Ba2 Ra8 37. Bb1 Rb8 38. Be7 Re6 39. Bc5 b4 40. cxb4 axb4 41. Ba2 Ree8 42. Bc4 Ra8 43. Rb1 Ra3+ 44. Bd3 f5 45. e5 Rb8 46. Rxb4 Rxb4 47. Bxb4 Ra4 48. Bc5 g6 49. e6 Kg7 50. Bc2 Ra2 51. Bb3 Rb2 52. Ba4 1-0

[Event "Enschede op"]
[Site "Enschede"]
[Date "2008.08.07"]
[Round "7"]
[White "Van Opheusden, Bas"]
[Black "Ris, Robert"]
[Result "1/2-1/2"]
[WhiteElo "2172"]
[BlackElo "2415"]
[PlyCount "35"]
[EventDate "2008.08.01"]
[EventType "swiss"]
[EventRounds "9"]
[EventCountry "NED"]
[SourceTitle "CBM 126 Extra"]
[Source "ChessBase"]
[SourceDate "2008.11.05"]
[SourceVersion "1"]
[SourceVersionDate "2008.11.05"]
[SourceQuality "1"]

1. e4 e5 2. Nf3 Nc6 3. Bb5 a6 4. Ba4 Nf6 5. 0-0 Be7 6. Re1 b5 7. Bb3 d6 8. c3 0-0 9. h3 Na5 10. Bc2 c5 11. d4 Qc7 12. Nbd2 cxd4 13. cxd4 Rd8 14. b3 Nc6 15. Bb2 Qb6 16. Rc1 Bd7 17. Nf1 Rac8 18. Ne3 1/2-1/2

[Event "Enschede op"]
[Site "Enschede"]
[Date "2008.08.01"]
[Round "1"]
[White "Van Opheusden, Bas"]
[Black "Nyzhnyk, Illya"]
[Result "0-1"]
[WhiteElo "2172"]
[BlackElo "2428"]
[PlyCount "68"]
[EventDate "2008.08.01"]
[EventType "swiss"]
[EventRounds "9"]
[EventCountry "NED"]
[SourceTitle "CBM 126 Extra"]
[Source "ChessBase"]
[SourceDate "2008.11.05"]
[SourceVersion "1"]
[SourceVersionDate "2008.11.05"]
[SourceQuality "1"]

1. e4 c5 2. d4 cxd4 3. c3 Nf6 4. e5 Nd5 5. Nf3 Nc6 6. cxd4 d6 7. Bc4 dxe5 8. Nxe5 e6 9. Nxc6 bxc6 10. 0-0 Be7 11. Nc3 0-0 12. Qe2 a5 13. Rd1 Qc7 14. Ne4 Rd8 15. Bg5 Bxg5 16. Nxg5 h6 17. Ne4 Nf4 18. Qe3 Ba6 19. Rac1 Bxc4 20. Rxc4 Rab8 21. b3 e5 22. g3 Qd7 23. Rdc1 Nd5 24. Qf3 exd4 25. Rxd4 Re8 26. Nc3 Qa7 27. Rc4 Ne7 28. Ne4 Ng6 29. Rc5 Rbd8 30. R5c2 Ne5 31. Qf5 Nd3 32. Rd1 Nxf2 33. Rxf2 Rxd1+ 34. Kg2 Qd7 0-1

[Event "Dieren op"]
[Site "Dieren"]
[Date "2008.07.29"]
[Round "7"]
[White "Kuling, Lody"]
[Black "Van Opheusden, Bas"]
[Result "1/2-1/2"]
[WhiteElo "2196"]
[BlackElo "2172"]
[PlyCount "51"]
[EventDate "2008.07.22"]
[EventType "swiss"]
[EventRounds "9"]
[EventCountry "NED"]
[SourceTitle "CBM 125 Extra"]
[Source "ChessBase"]
[SourceDate "2008.09.01"]
[SourceVersion "1"]
[SourceVersionDate "2008.09.01"]
[SourceQuality "1"]

1. e4 c5 2. Nf3 d6 3. d4 cxd4 4. Nxd4 Nf6 5. Nc3 a6 6. Bg5 e6 7. f4 Nbd7 8. Qf3 Qc7 9. 0-0-0 b5 10. Bxb5 axb5 11. Ndxb5 Qb8 12. e5 Bb7 13. Qe2 dxe5 14. Qc4 Be7 15. Nc7+ Kf8 16. Rxd7 Nxd7 17. Rd1 Bd5 18. Bxe7+ Kxe7 19. Rxd5 exd5 20. N3xd5+ Kd8 21. Nxa8 Qxa8 22. Qc7+ Ke8 23. Qd6 Kd8 24. Qc7+ Ke8 25. Qd6 Kd8 26. Qc7+ 1/2-1/2

[Event "Dieren op"]
[Site "Dieren"]
[Date "2008.07.28"]
[Round "6"]
[White "Van Opheusden, Bas"]
[Black "De Groote, Ewoud"]
[Result "1/2-1/2"]
[WhiteElo "2172"]
[BlackElo "2251"]
[PlyCount "65"]
[EventDate "2008.07.22"]
[EventType "swiss"]
[EventRounds "9"]
[EventCountry "NED"]
[SourceTitle "CBM 125 Extra"]
[Source "ChessBase"]
[SourceDate "2008.09.01"]
[SourceVersion "1"]
[SourceVersionDate "2008.09.01"]
[SourceQuality "1"]

1. e4 c5 2. d4 cxd4 3. c3 Nf6 4. e5 Nd5 5. Nf3 e6 6. cxd4 d6 7. Nc3 Nxc3 8. bxc3 Qc7 9. Bd2 Nd7 10. Bd3 dxe5 11. 0-0 Be7 12. Nxe5 Nxe5 13. Bf4 Bd6 14. dxe5 Bxe5 15. Bb5+ Ke7 16. Bxe5 Qxe5 17. Rb1 a6 18. Qa4 Rb8 19. Qb4+ Qd6 20. Qh4+ f6 21. Rfd1 Qc7 22. Qb4+ Kf7 23. Bxa6 Rd8 24. Rxd8 Qxd8 25. Qf4 Bd7 26. Rxb7 Rxb7 27. Bxb7 Bc6 28. Ba6 Bxg2 29. Kxg2 Qa8+ 30. Kg1 Qxa6 31. Qc7+ Kg6 32. Qg3+ Kf7 33. Qc7+ 1/2-1/2

[Event "Dieren op"]
[Site "Dieren"]
[Date "2008.07.25"]
[Round "4"]
[White "Van Opheusden, Bas"]
[Black "Ootes, Lars"]
[Result "1-0"]
[WhiteElo "2172"]
[BlackElo "2223"]
[PlyCount "43"]
[EventDate "2008.07.22"]
[EventType "swiss"]
[EventRounds "9"]
[EventCountry "NED"]
[SourceTitle "CBM 125 Extra"]
[Source "ChessBase"]
[SourceDate "2008.09.01"]
[SourceVersion "1"]
[SourceVersionDate "2008.09.01"]
[SourceQuality "1"]

1. e4 c5 2. Nf3 d6 3. d4 cxd4 4. Nxd4 Nf6 5. Nc3 a6 6. Bg5 e6 7. f4 Qb6 8. Qd2 Nc6 9. 0-0-0 Qxd4 10. Qxd4 Nxd4 11. Rxd4 Be7 12. Be2 Bd7 13. Bxf6 gxf6 14. Bh5 Rg8 15. g3 Kf8 16. Na4 Bd8 17. Rhd1 Ke7 18. Nc5 Be8 19. Rxd6 b6 20. Rd7+ Kf8 21. Nxe6+ fxe6 22. Rxd8 1-0

[Event "Dieren op"]
[Site "Dieren"]
[Date "2008.07.24"]
[Round "3"]
[White "Miedema, David"]
[Black "Van Opheusden, Bas"]
[Result "1/2-1/2"]
[WhiteElo "2303"]
[BlackElo "2172"]
[PlyCount "130"]
[EventDate "2008.07.22"]
[EventType "swiss"]
[EventRounds "9"]
[EventCountry "NED"]
[SourceTitle "CBM 125 Extra"]
[Source "ChessBase"]
[SourceDate "2008.09.01"]
[SourceVersion "1"]
[SourceVersionDate "2008.09.01"]
[SourceQuality "1"]

1. c4 Nc6 2. Nc3 e5 3. Nf3 Nf6 4. g3 g6 5. Bg2 Bg7 6. 0-0 0-0 7. Rb1 d6 8. d3 Be6 9. b4 h6 10. Nd2 Qc8 11. Re1 Kh7 12. Ba3 a6 13. Qc1 Bh3 14. Bh1 Ng4 15. b5 axb5 16. cxb5 Nd4 17. e3 Qf5 18. Nce4 Rxa3 19. exd4 Rxd3 20. f3 Nf6 21. Nf2 Rxd4 22. Nb3 Rb4 23. Qc3 Nd5 24. Qd2 Rxb5 25. a4 Rb4 26. g4 Qe6 27. f4 Nxf4 28. Qxb4 Bxg4 29. Qe4 Bf5 30. Qxb7 Bxb1 31. Rxb1 Qf5 32. Qe4 Qh5 33. Kf1 d5 34. Qe3 Qf5 35. Rc1 Rb8 36. Nd2 Rb2 37. Ra1 d4 38. Qe4 Rxd2 39. Qxf5 gxf5 40. a5 e4 41. Nxe4 Rxh2 42. Nf2 d3 43. Ra4 d2 44. Bf3 Nh3 45. Nd1 Ng5 46. Bg2 Ne4 47. Rc4 Nc3 48. Rxc3 Bxc3 49. Nxc3 Rh4 50. Ke2 Rd4 51. a6 d1Q+ 52. Nxd1 Ra4 53. Bb7 Kg6 54. Nc3 Ra5 55. Nd5 Kg5 56. Nb4 f4 57. Nd3 Ra2+ 58. Kf3 Ra3 59. Ke4 f3 60. Nf2 Kh4 61. Kf4 f5 62. Bc8 c5 63. Bb7 c4 64. Kxf5 c3 65. Be4 Kg3 1/2-1/2

[Event "Dieren op"]
[Site "Dieren"]
[Date "2008.07.22"]
[Round "1"]
[White "Van Opheusden, Bas"]
[Black "Simutowe, Amon"]
[Result "0-1"]
[WhiteElo "2172"]
[BlackElo "2459"]
[PlyCount "100"]
[EventDate "2008.07.22"]
[EventType "swiss"]
[EventRounds "9"]
[EventCountry "NED"]
[SourceTitle "CBM 125 Extra"]
[Source "ChessBase"]
[SourceDate "2008.09.01"]
[SourceVersion "1"]
[SourceVersionDate "2008.09.01"]
[SourceQuality "1"]

1. e4 c6 2. d4 d5 3. exd5 cxd5 4. c4 Nf6 5. Nc3 e6 6. Nf3 Bb4 7. Qc2 dxc4 8. Bxc4 0-0 9. 0-0 b6 10. Rd1 Bxc3 11. bxc3 Qc7 12. Bd3 h6 13. Ne5 Bb7 14. Bf4 Rc8 15. Rac1 Nc6 16. f3 Qe7 17. Nxc6 Rxc6 18. Bb5 Rcc8 19. Qd3 a6 20. Ba4 b5 21. Bc2 Bd5 22. Be5 Kf8 23. a4 Bc4 24. Qd2 Nd5 25. Be4 bxa4 26. Qf2 f6 27. Bg3 a3 28. Re1 Qd7 29. Qc2 a5 30. Bd3 Kf7 31. Bxc4 Rxc4 32. Qb3 Rac8 33. Qxa3 Nxc3 34. Kh1 Nb5 35. Qa1 Rxc1 36. Rxc1 Qxd4 37. h3 Rxc1+ 38. Qxc1 a4 39. Qc6 a3 40. Qb7+ Kg6 41. Qc8 Qd1+ 42. Kh2 Qb1 43. Qxe6 Nd4 44. Qe8+ Kh7 45. Bf2 Nf5 46. g4 Qc2 47. Kg2 Nh4+ 48. Kg3 a2 49. Bd4 Qg2+ 50. Kf4 Qxf3# 0-1

[Event "Leiden LCT op 2nd"]
[Site "Leiden"]
[Date "2008.07.15"]
[Round "5"]
[White "Gorter, Yme"]
[Black "Van Opheusden, Bas"]
[Result "1-0"]
[WhiteElo "2081"]
[BlackElo "2172"]
[PlyCount "73"]
[EventDate "2008.07.11"]
[EventType "swiss"]
[EventRounds "9"]
[EventCountry "NED"]
[SourceTitle "CBM 125 Extra"]
[Source "ChessBase"]
[SourceDate "2008.09.01"]
[SourceVersion "1"]
[SourceVersionDate "2008.09.01"]
[SourceQuality "1"]

1. e4 c5 2. Nf3 d6 3. Bb5+ Bd7 4. Bxd7+ Nxd7 5. 0-0 g6 6. c3 Ngf6 7. Qe2 Bg7 8. d4 e6 9. Bf4 d5 10. e5 Ng8 11. dxc5 Qc7 12. b4 Ne7 13. Nbd2 0-0 14. Rfe1 h6 15. Nd4 g5 16. Bg3 Ng6 17. N2f3 g4 18. Nd2 h5 19. f4 h4 20. Bf2 Nxf4 21. Qxg4 Nd3 22. Bxh4 N3xe5 23. Qg3 Qc8 24. Be7 Re8 25. Bd6 Ng6 26. Nxe6 Rxe6 27. Rxe6 fxe6 28. Qxg6 Qe8 29. Qg3 b6 30. c6 Nf6 31. Be5 Nh5 32. Qg5 Kh7 33. Nf3 Bxe5 34. Nxe5 Ng7 35. Rf1 Nf5 36. Rf3 Qf8 37. Qg6+ 1-0

[Event "Leiden LCT op 2nd"]
[Site "Leiden"]
[Date "2008.07.12"]
[Round "2"]
[White "Van Opheusden, Bas"]
[Black "Gutman, Lev"]
[Result "0-1"]
[WhiteElo "2172"]
[BlackElo "2497"]
[PlyCount "52"]
[EventDate "2008.07.11"]
[EventType "swiss"]
[EventRounds "9"]
[EventCountry "NED"]
[SourceTitle "CBM 125 Extra"]
[Source "ChessBase"]
[SourceDate "2008.09.01"]
[SourceVersion "1"]
[SourceVersionDate "2008.09.01"]
[SourceQuality "1"]

1. e4 c5 2. d4 cxd4 3. c3 Nf6 4. e5 Nd5 5. cxd4 g6 6. Nf3 Bg7 7. Bc4 Nb6 8. Bb3 0-0 9. a4 a5 10. 0-0 d6 11. Nc3 Nc6 12. Be3 Bg4 13. h3 Bxf3 14. Qxf3 dxe5 15. dxe5 Nxe5 16. Qxb7 Nbc4 17. Qe4 Nd6 18. Qh4 Rb8 19. Ba2 Rb4 20. Qg3 Nf5 21. Qh2 Nxe3 22. fxe3 e6 23. Rad1 Qb6 24. Qg3 Rxb2 25. Bb1 Nc4 26. Rd3 Nd2 0-1

[Event "NED-ch U21"]
[Site "Venlo"]
[Date "2008.05.03"]
[Round "9"]
[White "Van Opheusden, Bas"]
[Black "Van Oosterom, Chiel"]
[Result "0-1"]
[WhiteElo "2169"]
[BlackElo "2399"]
[PlyCount "66"]
[EventDate "2008.04.25"]
[EventType "swiss"]
[EventRounds "9"]
[EventCountry "NED"]
[SourceTitle "CBM 123 Extra"]
[Source "ChessBase"]
[SourceDate "2008.05.06"]
[SourceVersion "1"]
[SourceVersionDate "2008.05.06"]
[SourceQuality "1"]

1. e4 c5 2. d4 cxd4 3. c3 Nf6 4. e5 Nd5 5. Nf3 e6 6. cxd4 d6 7. a3 Bd7 8. Bd3 Bc6 9. 0-0 Nd7 10. Re1 Rc8 11. Bd2 Be7 12. exd6 Bxd6 13. Nc3 0-0 14. Ng5 N7f6 15. Nge4 Bf4 16. Rc1 Nxe4 17. Bxe4 Nxc3 18. bxc3 Bxd2 19. Qxd2 Bxe4 20. Rxe4 Qd5 21. Qd3 Qb3 22. Rh4 h6 23. Rh3 Qxa3 24. Rb1 b6 25. g4 Qa2 26. Re1 Qc4 27. Qd2 f6 28. Qe3 Rc6 29. f4 Rfc8 30. g5 hxg5 31. fxg5 Qxc3 32. gxf6 Qxe1+ 33. Qxe1 Rc1 0-1

[Event "NED-ch U21"]
[Site "Venlo"]
[Date "2008.04.28"]
[Round "4"]
[White "Van Opheusden, Bas"]
[Black "Haast, Mark"]
[Result "1-0"]
[WhiteElo "2169"]
[BlackElo "2125"]
[PlyCount "77"]
[EventDate "2008.04.25"]
[EventType "swiss"]
[EventRounds "9"]
[EventCountry "NED"]
[SourceTitle "CBM 123 Extra"]
[Source "ChessBase"]
[SourceDate "2008.05.06"]
[SourceVersion "1"]
[SourceVersionDate "2008.05.06"]
[SourceQuality "1"]

1. e4 g6 2. d4 Bg7 3. Nc3 d5 4. exd5 Nf6 5. Bb5+ Nbd7 6. Bg5 0-0 7. Bxf6 Nxf6 8. Bc4 a6 9. a4 b6 10. Nge2 Bb7 11. Nf4 Qd6 12. Qf3 b5 13. Bb3 b4 14. Nce2 e6 15. 0-0 exd5 16. Rfd1 a5 17. Rac1 Rfe8 18. c4 Rad8 19. Nxd5 Nxd5 20. cxd5 Bxd5 21. Bxd5 Qxd5 22. Qxd5 Rxd5 23. Kf1 Re7 24. b3 Red7 25. Rc6 Bh6 26. g3 Kf8 27. f4 Ke7 28. Rdc1 Kd8 29. R1c5 Bg7 30. Rxc7 Ke8 31. Rxd7 Rxc5 32. Rxf7 Kxf7 33. dxc5 Bb2 34. Kf2 Ke6 35. Ke3 Kd5 36. h3 Bf6 37. g4 Be7 38. c6 Bd6 39. Kd3 1-0

[Event "NED-chT 0708"]
[Site "Netherlands"]
[Date "2007.12.15"]
[Round "5.9"]
[White "Vermeulen, Wesley"]
[Black "Van Opheusden, Bas"]
[Result "1/2-1/2"]
[WhiteElo "2091"]
[BlackElo "2162"]
[PlyCount "101"]
[EventDate "2007.09.15"]
[EventType "team-tourn"]
[EventRounds "9"]
[EventCountry "NED"]
[SourceTitle "EXT 2009"]
[Source "ChessBase"]
[SourceDate "2008.11.26"]
[SourceVersion "1"]
[SourceVersionDate "2008.11.26"]
[SourceQuality "1"]
[WhiteTeam "Utrecht"]
[BlackTeam "Leiden LSG II"]
[WhiteTeamCountry "NED"]
[BlackTeamCountry "NED"]

1. e4 c5 2. Nf3 d6 3. d4 cxd4 4. Nxd4 Nf6 5. Nc3 a6 6. Bg5 e6 7. f4 Be7 8. Qf3 Qc7 9. 0-0-0 Nbd7 10. g4 b5 11. Bxf6 Nxf6 12. g5 Nd7 13. f5 Nc5 14. f6 gxf6 15. gxf6 Bf8 16. Re1 Bb7 17. Bh3 0-0-0 18. Nd5 Qa5 19. a3 Kb8 20. b4 Qa4 21. Nb6 Nb3+ 22. Qxb3 Qxb3 23. cxb3 Ka7 24. Na4 bxa4 25. bxa4 Rc8+ 26. Kd2 Rg8 27. a5 Rg6 28. Rhf1 Bh6+ 29. Kd3 Bg5 30. b5 axb5 31. Nxb5+ Ka8 32. Re2 Bxf6 33. Ref2 Ba6 34. a4 Rc3+ 35. Kd2 Rxh3 36. Rxf6 Rxh2+ 37. Kc3 Rh3+ 38. R1f3 Rxf6 39. Rxh3 d5 40. exd5 exd5 41. Nc7+ Kb7 42. Nxd5 Rc6+ 43. Kd4 Rc4+ 44. Ke5 Rxa4 45. Rxh7 Bc4 46. Rxf7+ Ka6 47. Rf6+ Kxa5 48. Nc3 Rb4 49. Rf8 Rb7 50. Kd4 Kb4 51. Nd5+ 1/2-1/2

[Event "NED-chT 0708"]
[Site "Netherlands"]
[Date "2007.11.03"]
[Round "3.9"]
[White "Lemmers, Oscar"]
[Black "Van Opheusden, Bas"]
[Result "1-0"]
[WhiteElo "2390"]
[BlackElo "2162"]
[PlyCount "77"]
[EventDate "2007.09.15"]
[EventType "team-tourn"]
[EventRounds "9"]
[EventCountry "NED"]
[SourceTitle "EXT 2008"]
[Source "ChessBase"]
[SourceDate "2007.11.25"]
[SourceVersion "1"]
[SourceVersionDate "2007.11.25"]
[SourceQuality "1"]
[WhiteTeam "Enschede ESGOO"]
[BlackTeam "Leiden LSG II"]
[WhiteTeamCountry "NED"]
[BlackTeamCountry "NED"]

1. e4 c5 2. c3 Nf6 3. e5 Nd5 4. Nf3 e6 5. Bc4 Nb6 6. Bb3 d6 7. d4 dxe5 8. Nxe5 cxd4 9. cxd4 N8d7 10. Nf3 Nf6 11. 0-0 Bd7 12. Ne5 Be7 13. Nc3 Rc8 14. Qf3 Bc6 15. Qg3 0-0 16. Bh6 Ne8 17. Rad1 Bd5 18. Nxd5 Nxd5 19. Bc1 Nd6 20. Rfe1 Nf5 21. Qd3 Bf6 22. Qe4 g6 23. g3 Qd6 24. h4 Bg7 25. h5 Rc7 26. hxg6 hxg6 27. Nc4 Qd7 28. Ne5 Qd6 29. Nc4 Qd7 30. Ne3 Nfxe3 31. Bxe3 Rd8 32. Bg5 Bf6 33. Bf4 Rcc8 34. Be5 Bg7 35. Kg2 Nf6 36. Qh4 Qc6+ 37. f3 Nd7 38. Bxg7 Kxg7 39. Rxe6 1-0

[Event "Hoogeveen Essent op"]
[Site "Hoogeveen"]
[Date "2007.10.19"]
[Round "8"]
[White "Van den Berg, Ad"]
[Black "Van Opheusden, Bas"]
[Result "1/2-1/2"]
[WhiteElo "2248"]
[BlackElo "2149"]
[PlyCount "110"]
[EventDate "2007.10.12"]
[EventType "swiss"]
[EventRounds "9"]
[EventCountry "NED"]
[SourceTitle "CBM 120 Extra"]
[Source "ChessBase"]
[SourceDate "2007.11.01"]
[SourceVersion "1"]
[SourceVersionDate "2007.11.01"]
[SourceQuality "1"]

1. e4 c5 2. Nc3 Nc6 3. Nge2 d6 4. d4 cxd4 5. Nxd4 Nf6 6. Bg5 e6 7. Qd2 a6 8. 0-0-0 h6 9. Be3 Ng4 10. Nxc6 bxc6 11. Bc5 Bd7 12. h3 dxc5 13. hxg4 e5 14. Bc4 Be7 15. Bxf7+ Kxf7 16. Qxd7 Qxd7 17. Rxd7 Ke6 18. Rhd1 Rad8 19. Rxd8 Rxd8 20. Rxd8 Bxd8 21. Kd1 Kd6 22. Ke2 c4 23. b4 cxb3 24. axb3 Kc5 25. Kd3 Kb4 26. g3 g5 27. Nb1 Bb6 28. f3 Bf2 29. Nd2 Bxg3 30. c3+ Kc5 31. Nc4 Bf4 32. Kc2 Bg3 33. Nb2 Bf4 34. Nd3+ Kb5 35. c4+ Kb6 36. Kc3 a5 37. Kc2 Bh2 38. Kd2 Bf4+ 39. Ke2 Bg3 40. Kd2 Bf4+ 41. Kc3 Bh2 42. Nb2 Bg1 43. Nd3 Bh2 44. b4 axb4+ 45. Kxb4 Bf4 46. Kc3 Bg3 47. Kd2 Bf4+ 48. Kd1 Bg3 49. Ke2 Bf4 50. Nb2 Kc5 51. Kd3 Kb4 52. Nd1 Kb3 53. Nc3 Kb4 54. Nd1 Kb3 55. Nc3 Kb4 1/2-1/2

[Event "Hoogeveen Essent op"]
[Site "Hoogeveen"]
[Date "2007.10.16"]
[Round "5"]
[White "Afek, Yochanan"]
[Black "Van Opheusden, Bas"]
[Result "1-0"]
[WhiteElo "2350"]
[BlackElo "2149"]
[PlyCount "59"]
[EventDate "2007.10.12"]
[EventType "swiss"]
[EventRounds "9"]
[EventCountry "NED"]
[SourceTitle "CBM 120 Extra"]
[Source "ChessBase"]
[SourceDate "2007.11.01"]
[SourceVersion "1"]
[SourceVersionDate "2007.11.01"]
[SourceQuality "1"]

1. e4 c5 2. c3 d5 3. exd5 Qxd5 4. d4 cxd4 5. cxd4 Nc6 6. Nf3 e5 7. Nc3 Bb4 8. Bd2 Bxc3 9. Bxc3 e4 10. Ne5 Nxe5 11. dxe5 Ne7 12. Qe2 Be6 13. Rd1 Qc6 14. Rd6 Qa4 15. b3 Qa3 16. Qd2 Qc5 17. Bd4 Qc7 18. Bb5+ Nc6 19. 0-0 0-0 20. Rc1 Rac8 21. Bxa7 Qe7 22. Bxc6 bxc6 23. Bc5 Rfe8 24. Rxc6 Rcd8 25. Bd6 Qh4 26. b4 Ra8 27. R1c2 Ra3 28. R6c3 Rxc3 29. Rxc3 Ra8 30. a3 1-0

[Event "NED-chT 0708"]
[Site "Netherlands"]
[Date "2007.10.06"]
[Round "2.3"]
[White "Van Opheusden, Bas"]
[Black "Spoelman, Wouter"]
[Result "0-1"]
[WhiteElo "2162"]
[BlackElo "2454"]
[PlyCount "50"]
[EventDate "2007.09.15"]
[EventType "team-tourn"]
[EventRounds "9"]
[EventCountry "NED"]
[SourceTitle "EXT 2008"]
[Source "ChessBase"]
[SourceDate "2007.11.25"]
[SourceVersion "1"]
[SourceVersionDate "2007.11.25"]
[SourceQuality "1"]
[WhiteTeam "Leiden LSG II"]
[BlackTeam "Hilversum HSG"]
[WhiteTeamCountry "NED"]
[BlackTeamCountry "NED"]

1. e4 c5 2. d4 cxd4 3. c3 dxc3 4. Nxc3 e6 5. Nf3 a6 6. Bc4 d6 7. Qe2 Nd7 8. 0-0 b5 9. Bb3 Ngf6 10. Rd1 Bb7 11. Bf4 b4 12. Nd5 exd5 13. exd5+ Be7 14. Bxd6 Kf8 15. Bf4 Nh5 16. Be5 Bc5 17. Nd4 Qg5 18. Bg3 Nxg3 19. hxg3 g6 20. d6 Re8 21. Qc4 Ne5 22. Qc2 Kg7 23. f4 Nf3+ 24. gxf3 Qxg3+ 25. Kf1 Bxf3 0-1

[Event "Twente Young Master op-A"]
[Site "Twente"]
[Date "2007.08.06"]
[Round "2"]
[White "Kleijn, Christov"]
[Black "Van Opheusden, Bas"]
[Result "0-1"]
[WhiteElo "2271"]
[BlackElo "2004"]
[PlyCount "74"]
[EventDate "2007.08.06"]
[EventType "swiss"]
[EventRounds "9"]
[EventCountry "NED"]
[SourceTitle "EXT 2008"]
[Source "ChessBase"]
[SourceDate "2007.11.25"]
[SourceVersion "1"]
[SourceVersionDate "2007.11.25"]
[SourceQuality "1"]

1. e4 c5 2. Nf3 d6 3. d4 cxd4 4. Nxd4 Nf6 5. Nc3 a6 6. Bg5 e6 7. f4 Be7 8. Qf3 Qc7 9. 0-0-0 Nbd7 10. Bd3 h6 11. Bh4 g5 12. fxg5 Ne5 13. Qe2 Nfg4 14. Nf3 Nxf3 15. Qxf3 Ne5 16. Qf2 hxg5 17. Bg3 Bd7 18. h4 gxh4 19. Bxh4 Bxh4 20. Rxh4 0-0-0 21. Rdh1 Rhg8 22. Be2 Bc6 23. Bh5 Rg5 24. Rf1 Bxe4 25. Nxe4 Rxh5 26. Kb1 Rxh4 27. Qxh4 Rg8 28. Qf2 Kb8 29. Rd1 Qc6 30. Nxd6 Rxg2 31. Qd4 Qxc2+ 32. Ka1 Rg8 33. Rb1 f6 34. Qf4 Qc7 35. Ne4 f5 36. Rc1 Nc6 37. Nd6 Rd8 0-1

[Event "Dieren op"]
[Site "Dieren"]
[Date "2007.07.31"]
[Round "7"]
[White "Ten Hertog, Hugo"]
[Black "Van Opheusden, Bas"]
[Result "1/2-1/2"]
[WhiteElo "2084"]
[BlackElo "2162"]
[PlyCount "82"]
[EventDate "2007.07.24"]
[EventType "swiss"]
[EventRounds "9"]
[EventCountry "NED"]
[SourceTitle "CBM 119 Extra"]
[Source "ChessBase"]
[SourceDate "2007.09.04"]
[SourceVersion "1"]
[SourceVersionDate "2007.09.04"]
[SourceQuality "1"]

1. e4 c5 2. Nf3 d6 3. d4 cxd4 4. Nxd4 Nf6 5. Nc3 a6 6. Be3 e5 7. Nf3 Be7 8. Bc4 0-0 9. 0-0 Nbd7 10. Qe2 b5 11. Bb3 Bb7 12. a4 Nxe4 13. Nxe4 Bxe4 14. Rfd1 Bc6 15. c4 bxa4 16. Bxa4 Qc7 17. Bc2 Nf6 18. b4 Rfc8 19. Ne1 d5 20. b5 axb5 21. cxb5 Bb7 22. Bf5 Rxa1 23. Rxa1 Ra8 24. b6 Qd8 25. Rxa8 Qxa8 26. Bd4 e4 27. g3 Qa4 28. Qd2 Ne8 29. Nc2 Nd6 30. Bg4 Qb3 31. Ne3 Nb5 32. Nf5 Qb4 33. Nxe7+ Qxe7 34. Qb2 Nxd4 35. Qxd4 Qd6 36. Qa4 Qe7 37. Qa7 f6 38. Bc8 e3 39. Bxb7 exf2+ 40. Kxf2 Qc5+ 41. Ke2 Qc2+ 1/2-1/2

[Event "Dieren op"]
[Site "Dieren"]
[Date "2007.07.25"]
[Round "2"]
[White "Van Opheusden, Bas"]
[Black "Blees, Enrico"]
[Result "0-1"]
[WhiteElo "2162"]
[BlackElo "2057"]
[PlyCount "48"]
[EventDate "2007.07.24"]
[EventType "swiss"]
[EventRounds "9"]
[EventCountry "NED"]
[SourceTitle "CBM 119 Extra"]
[Source "ChessBase"]
[SourceDate "2007.09.04"]
[SourceVersion "1"]
[SourceVersionDate "2007.09.04"]
[SourceQuality "1"]

1. e4 c6 2. d4 d5 3. exd5 cxd5 4. c4 Nf6 5. Nc3 g6 6. Nf3 Bg7 7. Bf4 0-0 8. c5 b6 9. Nb5 Nc6 10. Nc7 Nh5 11. Nxa8 Nxf4 12. cxb6 axb6 13. Qb3 Bf5 14. Nxb6 Bxd4 15. Rc1 Bxb6 16. Rxc6 Ba5+ 17. Kd1 d4 18. Ne5 d3 19. f3 Qd4 20. Qb5 Nd5 21. Nxd3 Ne3+ 22. Ke2 Rd8 23. Qc5 Qxd3+ 24. Kf2 Be1+ 0-1